RIBA plans fee shake up (Record no. 67057)
[ view plain ]
| 000 -LEADER | |
|---|---|
| fixed length control field | 00817cam a2200193 4500 |
| 001 - CONTROL NUMBER | |
| control field | WB3719-08 |
| 008 - FIXED-LENGTH DATA ELEMENTS--GENERAL INFORMATION | |
| fixed length control field | 000000n2001 000 0 eng u |
| 035 ## - SYSTEM CONTROL NUMBER | |
| System control number | (Sirsi) u112657 |
| 245 ## - TITLE STATEMENT | |
| Title | RIBA plans fee shake up |
| 260 ## - PUBLICATION, DISTRIBUTION, ETC. | |
| Date of publication, distribution, etc. | 2001 |
| 490 ## - SERIES STATEMENT | |
| Series statement | Building Design |
| Volume/sequential designation | (1486) 11 May 2001, 2(1) |
| 520 ## - SUMMARY, ETC. | |
| Summary, etc. | The RIBA is drawing up plans to change the way architects earn money. Under the new proposals fees will be linked to "added value". In other words, an architect will be paid according to the increase in value of a building or plot of land that has resulted from his/her work. The proposal is due to be discussed at RIBA's next council meeting. |
| 590 ## - LOCAL NOTE (RLIN) | |
| Local note | WB |
| 650 ## - SUBJECT ADDED ENTRY--TOPICAL TERM | |
| Topical term or geographic name entry element | RIBA |
| 650 ## - SUBJECT ADDED ENTRY--TOPICAL TERM | |
| Topical term or geographic name entry element | ARCHITECTS' FEES |
| 650 ## - SUBJECT ADDED ENTRY--TOPICAL TERM | |
| Topical term or geographic name entry element | ADDED VALUE |
| 690 ## - LOCAL SUBJECT ADDED ENTRY--TOPICAL TERM (OCLC, RLIN) | |
| Topical term or geographic name as entry element | BUILT ENVIRONMENT-CONSTRUCTION DESIGN |
| 942 ## - ADDED ENTRY ELEMENTS (KOHA) | |
| Suppress in OPAC | 0 |
| Withdrawn status | Lost status | Source of classification or shelving scheme | Damaged status | Not for loan | Home library | Current library | Shelving location | Date acquired | Total Checkouts | Full call number | Barcode | Date last seen | Copy number | Price effective from | Koha item type |
|---|---|---|---|---|---|---|---|---|---|---|---|---|---|---|---|
| Dewey Decimal Classification | London | London | News article | 17/05/2001 | WB3719-08 | 112657-1001 | 06/08/2019 | 1 | 06/08/2019 | News article |